000 00506nam a2200145Ia 4500
008 231221s9999 xx 000 0 und d
020 _a978-0-387-09736-7
041 _aEnglish
100 _aMarija Ilic, Le Xie, Qixing Liu
245 0 _aEngineering IT-Enabled Sustainable Electricity Services
260 _c2013
_bSpringer US
_aNew York
440 _aPower Electronics and Power Systems
650 _aEnergy Systems; Power Electronics, Electrical Machines and Networks; Energy Technology
942 _cEB
999 _c225461
_d225461